00893nam a2200229 a 4500001001000000003000500010005001700015008004100032010001100073011001100084040000900095100003200104245016400136260004100300500006000341502006900401650002100470650002400491650001800515650006000533856007000593000112088CHAP20220329144245.0151203s2015 mx a fsm |||||||spa d a108549 a109521 cCHAP1 aGodínez Molina, Francisco10aEstudio de las poblaciones de Juniperus blancoi Martínez var. blancoi (Cupressaceae) en el oriente de Méxicoh[En línea]cpor Francisco Godínez molina. aChapingo, Méx. :bEl autor,c2015. aPara ver el contenido del material haga clic en la liga aTesis (Ing. Forestal) -- UACH. División de Ciencias Forestales14aBosquesxPuebla.14aEcología vegetal.14aGimnospermas.14aJuniperus blancoixDistribución geográficazPuebla. aFinding aiduhttp://10.13.5.2/tesis/sist112088.pdfzTeclea aquí